Hypercar brands - Statistics

General Stats
  • This quiz has been taken 197 times
  • The average score is 7 of 8
Answer Stats
Picture Answer % Correct
bugatti
99%
ferrari
99%
Lamborghini
99%
McLaren
93%
pagani
93%
koenigsegg
91%
rimac
64%
Hennessey
54%
No matching quizzes found
Score Distribution
Percent of People with Each Score
Percentile by Number Answered
Your Score History
You have not taken this quiz